Úvod

Enregistré dans:
Détails bibliographiques
Auteur principal: Jankelová, Nadežda, 1966-
Format: Chapitre de livre
Langue:slovaque
Tags: Ajouter un tag
Pas de tags, Soyez le premier à ajouter un tag!

MARC

LEADER 00000nla a2200000 4500
001 0239176
005 20240502073855.5
041 0 |a slo 
044 |a SK 
245 1 0 |a Úvod  |c Nadežda Jankelová 
100 1 |a Jankelová, Nadežda, 1966-